| 000 | 01240pam a2200325 a 4500 | ||
|---|---|---|---|
| 999 |
_c7039 _d7039 |
||
| 001 | 669432 | ||
| 003 | OSt | ||
| 005 | 20210830110022.0 | ||
| 008 | 950103s1995 enka b 001 0 eng | ||
| 010 | _a 95000028 | ||
| 020 | _a0521480272 (hardback) | ||
| 020 | _a052148586X (pbk.) | ||
| 040 |
_aDLC _cDLC _dDLC |
||
| 050 | 0 | 0 |
_aQP601.3 _b.G88 1995 |
| 082 | 0 | 0 | _a570CUT1995 |
| 100 | 1 |
_aGutfreund, H. _913429 |
|
| 245 | 1 | 0 |
_aKinetics for the life sciences : _breceptors, transmitters, and catalysts / _cH. Gutfreund. |
| 260 |
_aCambridge ; _aNew York : _bCambridge University Press, _c1995. |
||
| 300 |
_axi, 346 p. : _bill. ; _c24 cm. |
||
| 504 | _aIncludes bibliographical references and index. | ||
| 650 | 0 |
_aEnzyme kinetics. _913430 |
|
| 650 | 0 |
_aphysics _9809 |
|
| 650 | 0 |
_aBiophysics. _913432 |
|
| 856 | 4 | 1 |
_3Sample text _uhttp://www.loc.gov/catdir/samples/cam031/95000028.html |
| 856 | 4 | 2 |
_3Publisher description _uhttp://www.loc.gov/catdir/description/cam026/95000028.html |
| 856 | 4 | 1 |
_3Table of contents _uhttp://www.loc.gov/catdir/toc/cam025/95000028.html |
| 906 |
_a7 _bcbc _corignew _d1 _eocip _f19 _gy-gencatlg |
||
| 942 |
_2ddc _cO_SHELF |
||